[Event "Berekfurdo op-B 4th"]
[Site "Berekfurdo"]
[Date "2010.09.04"]
[Round "4"]
[White "Laszlo, Antal"]
[Black "Czina, Peter"]
[Result "1/2-1/2"]
[WhiteElo "1875"]
[BlackElo "1698"]
[PlyCount "51"]
[EventDate "2010.09.02"]
[EventType "swiss"]
[EventRounds "7"]
[EventCountry "HUN"]
[SourceTitle "EXT 2019"]
[Source "ChessBase"]
[SourceDate "2018.10.10"]
[SourceVersion "1"]
[SourceVersionDate "2018.10.10"]
[SourceQuality "1"]

1. e4 c5 2. Nf3 Nc6 3. d4 cxd4 4. Nxd4 g6 5. Be3 Bg7 6. Nc3 Nf6 7. Qd2 Ng4 8. Nxc6 bxc6 9. Bg5 0-0 10. f3 Nf6 11. Bh6 d5 12. Bxg7 Kxg7 13. 0-0-0 Qa5 14. e5 Nd7 15. f4 Nc5 16. a3 Qb6 17. b3 Qa5 18. Nb1 Qxd2+ 19. Nxd2 Bg4 20. Re1 Rfe8 21. Be2 Bxe2 22. Rxe2 h5 23. Nf3 Ne4 24. Rg1 f6 25. g4 Kh7 26. Nd4 1/2-1/2

[Event "Berekfurdo op-B 4th"]
[Site "Berekfurdo"]
[Date "2010.09.03"]
[Round "3"]
[White "Laszlo, Antal"]
[Black "Simon, Lili"]
[Result "0-1"]
[WhiteElo "1875"]
[BlackElo "1740"]
[PlyCount "98"]
[EventDate "2010.09.02"]
[EventType "swiss"]
[EventRounds "7"]
[EventCountry "HUN"]
[SourceTitle "EXT 2019"]
[Source "ChessBase"]
[SourceDate "2018.10.10"]
[SourceVersion "1"]
[SourceVersionDate "2018.10.10"]
[SourceQuality "1"]

1. e4 c5 2. Nf3 Nc6 3. d4 cxd4 4. Nxd4 g6 5. Nc3 Bg7 6. Be3 Nf6 7. Qd2 0-0 8. f3 d5 9. 0-0-0 dxe4 10. Nxc6 Qxd2+ 11. Rxd2 bxc6 12. fxe4 Ng4 13. Bd4 Bh6 14. h3 Bxd2+ 15. Kxd2 Nf6 16. Ke3 Rd8 17. Bc5 Rd7 18. Bc4 Bb7 19. Rf1 a5 20. Rf2 Ba6 21. Bb3 Bb5 22. a4 Ba6 23. g4 h6 24. Kf4 Kg7 25. h4 Rb8 26. g5 hxg5+ 27. hxg5 Nh5+ 28. Ke5 e6 29. Bd6 Rbd8 30. Bc5 Rd2 31. Rf3 R8d7 32. Be3 Rg2 33. Rh3 Bb7 34. Nb1 Rg4 35. c4 c5 36. Nc3 Ng3 37. Bc2 Nf1 38. Bc1 Nd2 39. b3 Rxg5+ 40. Kf4 Rg2 41. Rd3 Rxd3 42. Bxd3 Nxb3 43. Be3 Bc6 44. Nb5 Ra2 45. Bb1 Ra1 46. Bc2 Rf1+ 47. Ke5 Na1 48. Na3 Nxc2 49. Nxc2 Bxa4 0-1